000 01064nmm a2200325 a 4500
001 ocm0001683027
003 TR-IsHL
005 20201028165937.0
008 171223s2007 tu tur
007 cr cn
020 _a9789944122108
035 _a1683027
_b(N$T)
050 0 4 _aHX314
_b.Y87 2007
090 0 4 _aHX314
_b.Y87 2007
100 1 _aYurtsever, Haluk
245 1 0 _aÖzgürlük ve örgütlülük
_h[electronic resource] /
_cHaluk Yurtsever ; yayın yönetmeni Hayri Erdoğan ; kapak ve iç tasarım Savaş Çekiç
250 _aBirinci basım
260 _aİstanbul :
_bYordam Kitap,
_c2007
300 _a405 p.
650 4 _aSosyoloji
650 4 _aSociology
650 0 _aSosyalizm
650 0 _aSocialism
650 0 _aÖzgürlük
650 0 _aLiberty
650 7 _aPOLITICAL SCIENCE / Political Ideologies / Communism, Post-Communism & Socialism
_2bisacsh
700 1 _aErdoğan, Hayri
700 1 _aÇekiç, Savaş
856 4 0 _uhttp://search.ebscohost.com/login.aspx?direct=true&scope=site&db=e011xww&AN=1683027
999 _c16020
_d16020